| 000 | 00535nam a22001817a 4500 | ||
|---|---|---|---|
| 008 | 150626b xxu||||| |||| 00| 0 alb d | ||
| 020 | _a9789995680855 | ||
| 041 | 0 | _aalb | |
| 080 | _a316.77 | ||
| 100 | _aMaigret, Éric ; | ||
| 245 |
_aSociologjia e komunikimit dhe e mediave _cÉric Maigret |
||
| 260 |
_aTiranë : _bPapirus: _c2010. |
||
| 300 |
_a332 f.: _bme il.; _c24 cm. |
||
| 650 | 0 | _aSociologjia | |
| 650 | 0 | _aKomunikimi | |
| 650 | 0 | _aMedia | |
| 942 |
_2udc _cBK |
||
| 999 |
_c1074 _d1074 |
||